| 000 | 00388nam a2200145Ia 4500 | ||
|---|---|---|---|
| 008 | 231129s1997||||xx |||||||||||||| ||spa|| | ||
| 020 | _a958-801-16-3 | ||
| 040 | _bspa | ||
| 082 | _a843.5 Ch448h | ||
| 100 | _aChamisso Adalbert Von | ||
| 245 | 0 | _aEl hombre que perdio su sombra | |
| 260 | _c1997 | ||
| 264 | _aCometa de papel | ||
| 942 |
_2ddc _cBKS |
||
| 999 |
_c11295 _d11295 |
||